01342nam a2200337Ia 4500001001200000003000800012006001900020007001500039008004100054020002700095020002400122020002500146020002200171040002100193035002100214050002300235082001600258100002600274245008400300260004800384300002400432490006500456504005100521533015200572650002700724650004100751655002900792710001700821830004000838856012600878ebr10197014CaPaEBRm u cr cn|||||||||070402s2007 enka sb 001 0 eng d z9780335220472 (hbk.) : z0335220479 (hbk.) : z9780335220465 (pbk.) z0335220460 (pbk.) aCaPaEBRcCaPaEBR a(OCoLC)24501306014aLC237b.E38 2007eb04a378.1032221 aWatson, David,d1939-10aManaging civic and community engagementh[electronic resource] /cDavid Watson. aMaidenhead :bOpen University Press,c2007. axix, 164 p. :bill.1 aManaging universities and colleges : guides to good practice aIncludes bibliographical references and index. aElectronic reproduction.bPalo Alto, Calif. :cebrary,d2009.nAvailable via World Wide Web.nAccess may be limited to ebrary affiliated libraries. 0aCommunity and college. 0aCommunity and collegevCase studies. 7aElectronic books.2local2 aebrary, Inc. 0aManaging universities and colleges.40uhttp://site.ebrary.com/lib/rucke/Doc?id=10197014zAn electronic book accessible through the World Wide Web; click to view